| 000 | 00844nac a22002531i 4500 | ||
|---|---|---|---|
| 003 | EG-ScBUE | ||
| 005 | 20250723102400.0 | ||
| 008 | 250709t1983 caua f 001 0 eng d | ||
| 020 | _a093570213X | ||
| 040 |
_aEG-ScBUE _beng _erda _cEG-ScBUE _dEG-ScBUE |
||
| 082 | 0 | 4 |
_a541.28 _bMCQ _222 |
| 100 | 1 |
_aMcQuarrie, Donald A. _q(Donald Allan) _eauthor. |
|
| 245 | 1 | 0 |
_aQuantum chemistry / _cDonald A. McQuarrie, Department of Chemistry, University of California, Davis. |
| 264 | 1 |
_aSausalito, California : _bUniversity Science Books, _c[1983] |
|
| 264 | 4 | _cc1983 | |
| 300 |
_ax, 517 pages : _billustrations ; _c24 cm |
||
| 336 |
_2rdacontent _atext _btxt |
||
| 337 |
_aunmediated _2rdamedia _bn |
||
| 338 |
_avolume _bnc _2rdacarrier |
||
| 500 | _aIncludes index. | ||
| 650 | 7 |
_aQuantum chemistry. _2BUEsh |
|
| 655 | _vReading book | ||
| 942 |
_cBB _2ddc |
||
| 999 |
_c4000 _d4000 |
||